Farlaine the Goblin /

Bibliographic Details
Main Author: Grumble, Pug (Author)
Format: Book
Language:English
Published: [United States?] : Farlaine.com, [2014]-
Subjects:

MARC

Tag First Indicator Second Indicator Subfields
LEADER 00000cam a2200000Ii 4500
001 in00003886721
005 20171016141420.0
008 140924m20149999xxua 6 000 1 eng d
020 |a 9780989005838  |q (v. 1) 
020 |a 0989005836  |q (v. 1) 
035 |a (OCoLC)ocn892459520 
035 |a (OCoLC)892459520 
040 |a EYM  |b eng  |e rda  |c EYM  |d OCLCO  |d OCLCF  |d OCLCQ  |d TXA  |d UtOrBLW 
043 |a n-cn--- 
049 |a TXAM 
050 4 |a PN6728.F357  |b G78 2014 
100 1 |a Grumble, Pug,  |e author. 
245 1 0 |a Farlaine the Goblin /  |c [Pug Grumble]. 
264 1 |a [United States?] :  |b Farlaine.com,  |c [2014]- 
300 |a volumes :  |b chiefly illustrations (some color) ;  |c 20 x 31 cm 
336 |a text  |b txt  |2 rdacontent 
337 |a unmediated  |b n  |2 rdamedia 
338 |a volume  |b nc  |2 rdacarrier 
500 |a "A fairy tale about finding your forest"--Cover. 
505 0 |a v.1. collects books 1. The Tinklands, 2. The Saltlands, 3. The Racelands -- 
650 0 |a Goblins  |v Comic books, strips, etc. 
650 7 |a Goblins.  |2 fast  |0 (OCoLC)fst00944030 
651 7 |a Canada.  |2 fast  |0 (OCoLC)fst01204310 
655 7 |a Comics (Graphic works)  |2 lcgft  |0 http://id.loc.gov/authorities/genreForms/gf2014026266 
994 |a C0  |b TXA 
948 |a cataloged  |b h  |c 2017/9/17  |d c  |e nbehmer  |f 11:06:20 am 
999 f f |s 8fdc1750-49fb-3208-bb6f-6bfb9b3ec3e2  |i ab94faf4-b3eb-3c74-94ad-8f55203b3a90  |t 0 
952 f f |p normal  |a Texas A&M University  |b College Station  |c Sterling C. Evans Library  |d Evans: Library Stacks  |t 0  |e PN6728.F357 G78 2014  |h Library of Congress classification  |i unmediated -- volume  |k v.1  |m A14850303844 
998 f f |a PN6728.F357 G78 2014  |s v.1  |t 0  |l Evans: Library Stacks